000 00539nam a2200205Ia 4500
005 20260429112314.0
008 260429s9999||||xx |||||||||||||| ||und||
020 _a9780071467605
041 _aEnglish
082 _a628.1
_bALL
100 _aAlley, E. Roberts
245 0 _aWater quality control handbook /
_cE. Roberts Alley
250 _a2nd ed.
260 _aNew York :
_bMc Graw Hill,
_c2007.
300 _aix, pv.; hb
650 _a Water quality
650 _a Water supply
650 _aSanitary engineering
942 _cTB
999 _c53401
_d53401